| 000 | 00506cam a2200145ua 4500 | ||
|---|---|---|---|
| 020 | _a81 204- 0456 4 | ||
| 082 |
_a661.806 _bBHA/IN |
||
| 100 |
_aBhattacharya, S C. _91300 |
||
| 245 | _a11th international Congress of Essential Oils,Fragrances and Flavours, 12 - 16 November, 1989 New Delhi, India. Abstracts- Proceedings vol-1 / | ||
| 260 |
_aNew Delhi : _bOxford & IBH Publishing company , _c1989. |
||
| 300 | _a156 ; . | ||
| 700 | 1 |
_aSen, N . _91470 |
|
| 700 | 1 |
_aSethi, K L . _91471 |
|
| 942 | _cBK | ||
| 999 |
_c10681 _d10681 |
||